000 00837nam a2200277 c 4500
003 BLK
005 20180413121949.0
008 180408b bul|||||r ||||||| ||bul||
010 _aKNG00042910000
020 _a0-19-281744-2
_bиздат.: Oxford Univ. Press
040 _aBLK
041 _aENG
_cENG
080 _aАнглийска литература
_b821.111
_x-3(082.2)
_z821.111-3(082.2)
139 _aAn Anthologie of Elizabethan Prose Fiction
_bA 53
245 1 0 _aAn Anthologie of Elizabethan Prose Fiction
257 _aGBR
260 Oxford
_bOxford Univ. Press
_c1988
300 _aXXXIII, 430 c.
_c19 cm
380 _aX
490 1 _aWorld's Classics
852 _aЦб 180395
856 4 _qpdf
_u
856 4 _qpdf
_u
942 _cKNG
_n0
944 _aCR
_c15.01.2003
_kТеодора_Стоянова
944 _aED
_c11.08.2011
_k
999 _c39555
_d39555